| 000 | 00684nam a2200205 a 4500 | ||
|---|---|---|---|
| 001 | BRCA_7740 | ||
| 005 | 20190320205954.0 | ||
| 008 | 060913s1806----gw-a######---#000-0#ger-# | ||
| 041 | _ager | ||
| 044 | _agw | ||
| 050 | 4 |
_aAY854 _b.W37 1806 |
|
| 245 | 1 | 0 |
_aWappen-Calender 1806 _bdes churbaierischen hochadelichen Hausritterordens der beschtzer gottlicher ehre unter dem Schutze des Heiligen Erzengels Michael Wappen-Calender auf das Gemeinjahr 1806. |
| 260 |
_aMúnich _bZanglischen Schriften _c1806 |
||
| 300 |
_a1 v. (sin paginación) _bil. _c16 cm. |
||
| 500 | _aU89 | ||
| 650 | 1 | 4 |
_aAlmanaques alemanes _917737 |
| 650 | 1 | 4 |
_aCalendarios _919154 |
| 902 | _aGFM | ||
| 942 |
_2lcc _cB |
||
| 999 |
_c7414 _d7414 |
||